| 000 | 00468nam a2200181 a 4500 | ||
|---|---|---|---|
| 001 | 2396 | ||
| 003 | CDMR | ||
| 005 | 20131018164301.0 | ||
| 008 | 130130s1964||||||||||||||||||||||||||||d | ||
| 040 |
_aCDMR _bcat _cCDMR |
||
| 100 | 1 |
_aLetouzey, Victor _91790 |
|
| 245 | 1 | 3 |
_aLa typographie _cpar Victor Letouzey |
| 260 |
_aParis _c1964 _bPresses Universitaires de France |
||
| 300 | _a126 p. | ||
| 490 | 0 |
_aQue sais-je? _v1101 |
|
| 650 | 0 | 4 |
_92796 _aImpremta |
| 942 |
_cMON _2udc |
||
| 999 |
_c2396 _d2396 |
||